Tangkap muat : Mengambil mana-mana saja tanpa mengutamakan kualiti

Bibliographic Details
Main Author: W.S. Uzala
Format: Book
Published: Selangor : Eddiplax , 2003
Series:Siri memperkaya simpulan bahasa
Subjects:

MARC

LEADER 00000cam a2200000 7i4500
001 0000005362
005 20151222.0
008 070803
020 |a 9838805556 (set) 
020 |a 9838805653 
090 0 0 |a JF   |b NS MAL (4461) 
100 0 |a W.S. Uzala 
245 1 0 |a Tangkap muat :   |b Mengambil mana-mana saja tanpa mengutamakan kualiti   |c W.S. Uzala 
260 |a Selangor :   |b Eddiplax ,   |c 2003 
440 0 |a Siri memperkaya simpulan bahasa 
500 |a Children ages 7-9 years old (orange) 
650 0 |a Children's stories, Malay 
650 0 |a Malay fiction 
999 |a 0000008903   |b Book   |c Children Collection   |e Cawangan Taman Universiti 
999 |a 0000008904   |b Book   |c Children Collection   |e Cawangan Taman Universiti 
999 |a 0000008905   |b Book   |c Children Collection   |e Cawangan Taman Universiti 
999 |a 0000008906   |b Book   |c Children Collection   |e Cawangan Taman Universiti 
999 |a 0000977827   |b Book   |c Children Collection   |e Cawangan Bandar Penawar 
999 |a 0000977828   |b Book   |c Children Collection   |e Perbadanan Perpustakaan Awam Johor 
999 |a 0000977829   |b Book   |c Children Collection   |e Perbadanan Perpustakaan Awam Johor 
999 |a 0000977830   |b Book   |c Children Collection   |e Perbadanan Perpustakaan Awam Johor 
999 |a 0000977831   |b Book   |c Children Collection   |e Cawangan Bandar Tenggara 
999 |a 0001052666   |b Book   |c Teenagers   |e Cawangan Bandar Tenggara 
999 |a 0001054620   |b Book   |c Children Collection   |e Cawangan Taman Universiti